| 000 | 00629nam a22001937a 4500 | ||
|---|---|---|---|
| 005 | 20230920172625.0 | ||
| 010 | _aENG-121548 ENG-137063ENG-137314 | ||
| 020 |
_a9789352710829 _c275.00 |
||
| 035 | _aEN-105080 EN-120595 EN-120846 | ||
| 037 | _bDBAD/PUB | ||
| 082 | _a512.9434 | ||
| 100 |
_aSaha,Sudesh K. _957204 |
||
| 245 |
_aA textbook of algebra/ _cby Sudesh K. Saha [and] Subhash C. Garg |
||
| 260 |
_aNoida _bVikas Publishing House _c2017 |
||
| 270 |
_aE-28,Sector- 8 _bNoida (UP) _e201301 |
||
| 300 |
_ax,358p.: _c25cm(pbk) _bill. |
||
| 700 |
_aSubhash C.Garg _957205 |
||
| 942 |
_2ddc _cEN _h512.9434 _mSHA |
||
| 999 |
_c147626 _d147626 |
||